Fodor's Chile: The Guide for All Budgets Where to Stay, Eat, and Explore On and Off the Beaten Path.

में बचाया:
ग्रंथसूची विवरण
स्वरूप: पुस्तक
भाषा:अंग्रेज़ी
प्रकाशित: New York, United States of America: Fodor's Travel Publications; 2002.
संस्करण:1st Edition.
विषय:
टैग: टैग जोड़ें
कोई टैग नहीं, इस रिकॉर्ड को टैग करने वाले पहले व्यक्ति बनें!

MARC

LEADER 00000nam a22000007a 4500
003 CL-VaPUC
005 20250106155352.0
008 241216t2002 ||||| |||| 00| 0 eng d
999 |c 446330  |d 446328 
020 |a 0-676-90114-X 
040 |c Pontificia Universidad Católica de Valparaíso 
082 |2 22  |a 918.8304 FOD 2002 
245 |a Fodor's Chile:  |b The Guide for All Budgets Where to Stay, Eat, and Explore On and Off the Beaten Path. 
250 |a 1st Edition. 
260 |a New York, United States of America:  |b Fodor's Travel Publications;  |c 2002. 
300 |a xxx, 265 páginas:  |b mapas. 
500 |a c.1 Donación P.I.I.E. 2-12-2024. 
583 |c 20241216  |k Yessy Sthefany Diaz Vidal 
651 0 |9 254862  |a Chile  |x Lugares turísticos 
651 0 |9 254862  |a Chile  |x Turismo  |x Descripciones y viajes 
651 0 |9 254862  |a Chile  |x Tourism  |x Descriptions and trips 
942 |2 ddc  |c BK 
952 |0 0  |1 0  |2 ddc  |4 0  |6 918_830400000000000_FOD_2002  |7 0  |8 A  |9 598682  |a BIBGIM  |b BIBGIM  |d 2024-12-16  |e Donación  |i 5663620  |o 918.8304 FOD 2002  |p 5663620  |r 2025-01-15  |t 1  |w 2024-12-16  |y BK  |k ELE